000 00598nam a2200193Ia 4500
005 20250508164852.0
008 008 250505s9999 xx 000 0 hin d
037 _aDissertations
040 _aFEDL
_beng
_cFEDL
041 _ahin
_2eng
084 _a491.430 7, GUR/DI
_qFEDL
100 _aGurjar Man Singh
_9779375
245 0 _aShekhar : Ek jeevani - Upanyas mein shaikshik vishye-vastu ka anveshnatmak addhyan
260 _c2006
300 _a72p.
546 _aM.Ed. Dissertation, (Delhi University)
942 _cDIS
_h491.430 7, GUR/DI
999 _c1391691
_d1391691